| 000 | 00544nam a2200217Ia 4500 | ||
|---|---|---|---|
| 003 | OSt | ||
| 005 | 20140314135339.0 | ||
| 008 | 140130s9999 xx 000 0 und d | ||
| 020 | _a0439317916 | ||
| 050 |
_aPZ 7 _b.F8654Mi 2001 |
||
| 100 | _aFrasier, Debra | ||
| 245 |
_cDebra Frasier. _aMiss Alaineus : _ba vocabulary disaster / |
||
| 260 |
_bScholastic, _a2001. _cNew York : |
||
| 300 |
_a40 p. : _bcol. ill. ; _c26 cm. |
||
| 521 | _aG4 | ||
| 526 | _c690 | ||
| 942 |
_cBK _2lcc |
||
| 999 |
_c40989 _d40989 |
||